| 000 | 00383 a2200157 4500 | ||
|---|---|---|---|
| 001 | 168649 | ||
| 020 | _a | ||
| 040 | _cMagnum | ||
| 100 | _aMachado, Maria Lucia A. | ||
| 240 | 1 | 0 |
_aPre-escola e nao e escola: a busca de um caminho _lpor |
| 245 | 1 | 0 | _aPre-escola e nao e escola: a busca de um caminho |
| 362 | 0 | _a1899 | |
| 440 | 1 | _aPaz e Terra | |
| 697 | _aENSINO | ||
| 942 | _cBK | ||
| 999 |
_c168649 _d168649 |
||